000 004680000a22001450004500
003 MACL
005 20170620124021.0
008 170620b xxu||||| |||| 00| 0 eng d
040 _cmacl
100 _aअली,मीर नजाबत
_967603
245 _aविश्‍व काे बदल देनेवाले अाविष्‍कार
260 _bN.B.T.India
_c1972
650 _aचिल्‍ड्रन
_967605
942 _cHIN
_k741.642
_2ddc
999 _c22624
_d22624